000 00306nam a2200121 a 4500
005 20140414093831.0
008 970110s19uu xx 00 eng d
050 _aVHS SD
_bR 45
245 _aSIS AVP :
_b(With Local College). Mar 15, 2002.
260 _cMarch 15, 2002.
942 _cAVM
999 _c108690
_d108690